Internationale Arbeiten zum österreichischen Deutsch und seinen nachbarsprachlichen Bezügen /
Saved in:
| Other Authors: | |
|---|---|
| Format: | Book |
| Language: | German |
| Published: |
Wien :
Verlag Hölder-Pichler-Tempsky,
1993.
|
| Edition: | 1. Aufl. |
| Series: | Materialien und Handbücher zum österreichischen Deutsch und zu Deutsch als Fremdsprache ;
Bd. 1. |
| Subjects: | |
| Tags: |
Add Tag
No Tags, Be the first to tag this record!
|
| LEADER | 01079nam a2200265Ia 4500 | ||
|---|---|---|---|
| 001 | 004088198-9 | ||
| 005 | 20020606095253.2 | ||
| 008 | 940809s1993 au b 000 0 ger d | ||
| 020 | |a 3209016747 | ||
| 035 | 0 | |a ocm30906904 | |
| 040 | |a EEM |c EEM |d HLS | ||
| 090 | |a PF5321 |b .I5 1993 | ||
| 245 | 0 | 0 | |a Internationale Arbeiten zum österreichischen Deutsch und seinen nachbarsprachlichen Bezügen / |c herausgegeben von Rudolf Muhr. |
| 250 | |a 1. Aufl. | ||
| 260 | |a Wien : |b Verlag Hölder-Pichler-Tempsky, |c 1993. | ||
| 300 | |a 133 p. ; |c 21 cm. | ||
| 490 | 1 | |a Materialien und Handbücher zum österreichischen Deutsch und zu Deutsch als Fremdsprache ; |v Bd. 1 | |
| 504 | |a "Bibliographie neuerer Arbeiten zum östereichischen Deutsch" [von] Rudolf Muhr (p. 124-132). | ||
| 504 | |a Includes bibliographical references. | ||
| 650 | 0 | |a German language |z Austria. | |
| 650 | 0 | |a German language |x Dialects |z Austria. | |
| 700 | 1 | |a Muhr, Rudolf. | |
| 830 | 0 | |a Materialien und Handbücher zum österreichischen Deutsch und zu Deutsch als Fremdsprache ; |v Bd. 1. | |
| 988 | |a 20020608 | ||
| 906 | |0 OCLC | ||


